Top 50 Most Valuable Premier League Signings - Statistics

General Stats
  • This quiz has been taken 23 times
    7 since last reset
  • The average score is 45 of 50
Answer Stats
Value Season Team Player % Correct
144M 25/26 Liverpool Alexander Isak
100%
77M 22/23 Newcastle United Alexander Isak
100%
76M 25/26 Manchester United Benjamin Sesko
100%
65M 19/20 Manchester United Bruno Fernandes
100%
75M 25/26 Manchester United Bryan Mbeumo
100%
70M 22/23 Manchester United Casemiro
100%
85M 22/23 Liverpool Darwin Nunez
100%
116M 23/24 Arsenal Declan Rice
100%
121M 22/23 Chelsea Enzo Fernandez
100%
125M 25/26 Liverpool Florian Wirtz
100%
87M 19/20 Manchester United Harry Maguire
100%
95M 25/26 Liverpool Hugo Ekitike
100%
117M 21/22 Manchester City Jack Grealish
100%
85M 21/22 Manchester United Jadon Sancho
100%
90M 23/24 Manchester City Josko Gvardiol
100%
100M 20/21 Chelsea Kai Havertz
100%
75m 23/24 Arsenal Kai Havertz
100%
80M 18/19 Chelsea Kepa
100%
67M 23/24 Manchester United Mason Mount
100%
74M 25/26 Manchester United Matheus Cunha
100%
63M 25/26 Tottenham Mohammed Kudus
100%
116M 23/24 Chelsea Moises Caicedo
100%
85M 25/26 Newcastle United Nick Woltemade
100%
80M 19/20 Arsenal Nicolas Pepe
100%
105M 16/17 Manchester United Paul Pogba
100%
77M 23/24 Manchester United Rasmus Hojlund
100%
113M 21/22 Chelsea Romelu Lukaku
100%
84M 17/18 Manchester United Romelu Lukaku
100%
84M 17/18 Liverpool Virgil Van Dijk
100%
80M 22/23 Chelsea Wesley Fofana
100%
65M 25/26 Tottenham Xavi Simons
100%
72M 18/19 Liverpool Alisson
75%
66M 17/18 Chelsea Alvaro Morata
75%
75M 14/15 Manchester United Angel Di Maria
75%
95M 22/23 Manchester United Antony
75%
65M 17/18 Manchester City Aymeric Laporte
75%
64M 23/24 Tottenham Dominic Solanke
75%
70M 23/24 Liverpool Dominik Szoboszlai
75%
65M 19/20 Manchester City Joao Cancelo
75%
76M 15/16 Manchester City Kevin De Bruyne
75%
65M 22/23 Chelsea Marc Cucurella
75%
70M 25/26 Arsenal Martin Zubimendi
75%
70M 22/23 Chelsea Mykhaylo Mudryk
75%
75M 24/25 Manchester City Omar Marmoush
75%
70M 19/20 Manchester City Rodri
75%
71M 20/21 Manchester City Ruben Dias
75%
65M 25/26 Arsenal Viktor Gyökeres
75%
64M 18/19 Chelsea Christian Pulisic
50%
69M 25/26 Arsenal Eberechi Eze
50%
67M 18/19 Manchester City Riyad Mahrez
50%
No matching quizzes found
Score Distribution
Percent of People with Each Score
Percentile by Number Answered
Your Score History
You have not taken this quiz since the last reset